Guess the Taylor Swift Song by Acronym (Red TV) - Statistics

General Stats
  • This quiz has been taken 71 times
  • The average score is 21 of 28
Answer Stats
Hint Answer % Correct
R Red
98%
ATW All Too Well
96%
ATWTM All Too Well (10 Minute Version)
94%
WANEGBT We Are Never Ever Getting Back Together
90%
IKYWT I Knew You Were Trouble
86%
R Ronan
86%
TVFN The Very First Night
82%
SSS Stay Stay Stay
80%
ITBYTAM I Bet You Think About Me
78%
TLT The Last Time
78%
B Babe
76%
CBBH Come Back. . . Be Here
76%
IAD I Almost Do
76%
NN Nothing New
76%
HG Holy Ground
73%
T Treacherous
73%
BM Better Man
71%
FW Forever Winter
71%
MIAB Message in a Bottle
71%
R Run
69%
S Starlight
67%
SOG State Of Grace
67%
BA Begin Again
65%
EHC Everything Has Changed
65%
SBT Sad Beautiful Tragic
65%
TMIK The Moment I Knew
65%
TLO The Lucky One
63%
GAH Girl At Home
59%
No matching quizzes found
Score Distribution
Percent of People with Each Score
Percentile by Number Answered
Your Score History
You have not taken this quiz